03879cam a22003615a 45000010009000000050017000090080041000260100017000670200030000840350024001140400124001380430012002620820027002741000033003012450083003342460064004172600049004813000026005304900032005565000026005885040031006145202486006456100025031316100022031566500035031786500055032136500034032686510010033026530022033129420008033349990017033429520158033591902896820160417144051.0160324t2015 enk frb f001 0 eng d a 2015510974 a9780190217266 (paperback) a(OCoLC)ocn904081529 aYDXCPbengcYDXCPdBDXdBTCTAdOCLCQdORXdCOOdGCDdOCLCFdCGPdNLGGCdAZTdEDKdVP@dGULdDEBSZdOCLCQdDLCdEG-ScBUE aaw-----04a303.625091767bBYM2221 aByman, Daniel,d1967-91026814aAl Qaeda, the Islamic State, and the global jihadist movement /cDaniel Byman.3 aAl Qaeda the Islamic State and the global jihadist movement aOxford : bOxford University Press,cc.2015. axii, 284 p. ;c22 cm.0 aWhat everyone needs to know aIndex : p. [261]-284. aBibliography : p. 233-259. aOverview: On the morning of September 11, 2001, the entire world was introduced to Al Qaeda and its enigmatic leader, Osama bin Laden. But the organization that changed the face of terrorism forever and unleashed a whirlwind of counterterrorism activity and two major wars had been on the scene long before that eventful morning. In Al Qaeda, the Islamic State, and the Global Jihadist Movement: What Everyone Needs to Know, Daniel L. Byman, an eminent scholar of Middle East terrorism and international security who served on the 9/11 Commission, provides a sharp and concise overview of Al Qaeda, from its humble origins in the mountains of Afghanistan to the present, explaining its perseverance and adaptation since 9/11 and the limits of U.S. and allied counterterrorism efforts. The organization that would come to be known as Al Qaeda traces its roots to the anti-Soviet jihad in Afghanistan in the 1980s. Founded as the Soviets withdrew from Afghanistan, Al Qaeda achieved a degree of international notoriety with a series of spectacular attacks in the 1990s; however, it was the dramatic assaults on the World Trade Center and the Pentagon on 9/11 that truly launched Al Qaeda onto the global stage. The attacks endowed the organization with world-historical importance and provoked an overwhelming counterattack by the United States and other western countries. Within a year of 9/11, the core of Al Qaeda had been chased out of Afghanistan and into a variety of refuges across the Muslim world. Splinter groups and franchised offshoots were active in the 2000s in countries like Pakistan, Iraq, and Yemen, but by early 2011, after more than a decade of relentless counterterrorism efforts by the United States and other Western military and intelligence services, most felt that Al Qaeda's moment had passed. With the death of Osama bin Laden in May of that year, many predicted that Al Qaeda was in its death throes. Shockingly, Al Qaeda has staged a remarkable comeback in the last few years. In almost every conflict in the Muslim world, from portions of the Xanjing region in northwest China to the African subcontinent, Al Qaeda franchises or like-minded groups have played a role. Al Qaeda's extreme Salafist ideology continues to appeal to radicalized Sunni Muslims throughout the world, and it has successfully altered its organizational structure so that it can both weather America's enduring full-spectrum assault and tailor its message to specific audiences.20aQaida (Organization)20aIS (Organization) 0aTerrorismzMiddle East.2BUEsh 0aIslamic fundamentalismzMiddle East.2BUEsh911982 0aViolencezMiddle East.2BUEsh 2BUEsh bBUSBOLcApril2016 2ddc c21634d21606 00102ddc40708AlahramaMAINbMAINc1STd2016-04-17ePurchaseg143.00l4m21o303.625091767 BYMp000032353r2025-07-15 00:00:00s2018-03-07v178.75yBB